| 000 | 01620cam a2200349 a 4500 | ||
|---|---|---|---|
| 999 |
_c219635 _d219635 |
||
| 001 | 15635494 | ||
| 003 | Nust | ||
| 005 | 20170216094407.0 | ||
| 008 | 090223s2009 nyu 000 1 eng | ||
| 010 | _a 2009006735 | ||
| 020 | _a9780755352555 | ||
| 035 | _a(OCoLC)ocn268795013 | ||
| 040 |
_aDLC _cDLC _dYDX _dBTCTA _dUPZ _dIH9 _dWIQ _dVP@ _dYDXCP _dCQU _dNXA _dDLC |
||
| 050 | 0 | 0 |
_aPS3558.A443357 _bS55 2009 |
| 082 | 0 | 0 |
_a813.54 _bHAM |
| 100 | 1 | _aHamilton, Laurell K. | |
| 245 | 1 | 0 |
_aSkin trade / _cLaurell K. Hamilton. |
| 250 | _a1st ed. | ||
| 260 |
_aNew York : _bBerkley Books, _c2009. |
||
| 300 |
_a594 p. ; _c24 cm. |
||
| 490 | 1 | _aAnita Blake, vampire hunter novels | |
| 520 | _aWhen a vampire serial killer sends Anita Blake a grisly souvenir from Las Vegas, she has to warn Sin City's local authorities what they're really dealing with. | ||
| 650 | 0 |
_aBlake, Anita (Fictitious character) _vFiction. |
|
| 650 | 0 |
_aVampires _vFiction. |
|
| 655 | 7 |
_aOccult fiction. _2gsafd |
|
| 800 | 1 |
_aHamilton, Laurell K. _tAnita Blake, vampire hunter novel. |
|
| 856 | 4 | 2 |
_3Contributor biographical information _uhttp://www.loc.gov/catdir/enhancements/fy0916/2009006735-b.html |
| 856 | 4 | 2 |
_3Publisher description _uhttp://www.loc.gov/catdir/enhancements/fy0916/2009006735-d.html |
| 906 |
_a7 _bcbc _corignew _d1 _eecip _f20 _gy-gencatlg |
||
| 942 |
_2ddc _cBK |
||